[Event "Sharjah op blitz"]
[Site "Sharjah"]
[Date "2014.07.09"]
[Round "4"]
[White "Baltazar, Danny"]
[Black "Rashed, Mohamed Al Kendi"]
[Result "1-0"]
[WhiteElo "2071"]
[BlackElo "1622"]
[PlyCount "75"]
[EventDate "2014.07.09"]
[EventType "swiss (blitz)"]
[EventRounds "9"]
[EventCountry "UAE"]
[SourceTitle "EXT 2016"]
[Source "ChessBase"]
[SourceDate "2015.10.08"]
[SourceVersion "1"]
[SourceVersionDate "2015.10.08"]
[SourceQuality "1"]

1. d4 Nf6 2. c3 d5 3. Nd2 e6 4. f3 c5 5. e3 Nc6 6. Bd3 cxd4 7. exd4 Bd6 8. Ne2 Qc7 9. g3 0-0 10. f4 Ng4 11. Nf3 f5 12. Ne5 b6 13. Qc2 Bb7 14. Nxg4 fxg4 15. Bxh7+ Kh8 16. h3 Ne7 17. hxg4 Rf6 18. g5 Rf7 19. Bf5+ Kg8 20. Bxe6 Kf8 21. g6 Nxg6 22. Qxg6 Rf6 23. Rh8+ Ke7 24. Qxg7+ Kxe6 25. Qg4+ Ke7 26. Rh7+ Rf7 27. Qg5+ Ke8 28. Rh8+ Rf8 29. Qg6+ Qf7 30. Rxf8+ Kxf8 31. Qxd6+ Kg7 32. f5 Qxf5 33. Bf4 Qh3 34. Qc7+ Kg6 35. Qxb7 Qh1+ 36. Kd2 Qxa1 37. Qxa8 Qxb2+ 38. Ke3 1-0

[Event "Sharjah op rapid"]
[Site "Sharjah"]
[Date "2014.07.06"]
[Round "3"]
[White "Barsov, Alexei"]
[Black "Baltazar, Danny"]
[Result "1/2-1/2"]
[WhiteElo "2534"]
[BlackElo "2071"]
[PlyCount "90"]
[EventDate "2014.07.05"]
[EventType "swiss (rapid)"]
[EventRounds "9"]
[EventCountry "UAE"]
[SourceTitle "CBM 161 Extra"]
[Source "ChessBase"]
[SourceDate "2014.08.29"]
[SourceVersion "1"]
[SourceVersionDate "2014.08.29"]
[SourceQuality "1"]

1. d4 Nf6 2. Nf3 d6 3. c4 b6 4. g3 Bb7 5. Bg2 Nbd7 6. 0-0 g6 7. Nc3 Bg7 8. d5 0-0 9. Nd4 a6 10. b3 Rc8 11. Bb2 Nb8 12. Rc1 c5 13. dxc6 Nxc6 14. e3 Ba8 15. Nde2 Nd7 16. Qd2 Nc5 17. Nf4 Ne5 18. Bxa8 Rxa8 19. Qe2 e6 20. Rcd1 Qc7 21. Ng2 f5 22. f4 Ng4 23. Ne1 h5 24. Nf3 Bxc3 25. Bxc3 Ne4 26. Ba1 e5 27. Nd2 Qc5 28. Nxe4 fxe4 29. Rfe1 exf4 30. gxf4 Kh7 31. Qb2 Rf7 32. Rd5 Qc7 33. Qd4 Qe7 34. Rxd6 Nxh2 35. Kxh2 Qh4+ 36. Kg2 Qxe1 37. Qxe4 Rg8 38. Qe5 h4 39. Qe6 Qg3+ 40. Kf1 Rgf8 41. Rd7 Kg8 42. Rxf7 Rxf7 43. Qe8+ Rf8 44. Qe6+ Rf7 45. Qe8+ Rf8 1/2-1/2

[Event "Dubai op 08th"]
[Site "Dubai"]
[Date "2006.04.24"]
[Round "2"]
[White "Neverov, Valeriy"]
[Black "Baltazar, Danny"]
[Result "1-0"]
[WhiteElo "2572"]
[BlackElo "2094"]
[PlyCount "83"]
[EventDate "2006.04.23"]
[EventType "swiss"]
[EventRounds "9"]
[EventCountry "UAE"]
[SourceTitle "EXT 2007"]
[Source "ChessBase"]
[SourceDate "2006.11.23"]
[SourceVersion "1"]
[SourceVersionDate "2006.11.23"]
[SourceQuality "1"]

1. d4 d6 2. Nf3 Nd7 3. c4 e5 4. Nc3 c6 5. e4 h6 6. g3 Qf6 7. Bg2 g5 8. d5 Ne7 9. Be3 Qg6 10. h4 g4 11. h5 Qf6 12. Nh2 Nb6 13. Bxb6 axb6 14. Nxg4 Qg5 15. Ne3 Kd7 16. Bh3+ Kc7 17. Bxc8 Nxc8 18. Qf3 Rh7 19. Ke2 Be7 20. a3 Qg8 21. Rad1 Bg5 22. Nf5 Qe8 23. Rd3 Be7 24. a4 Rh8 25. b3 Qf8 26. Rhd1 c5 27. Nb5+ Kb8 28. Nxe7 Qxe7 29. Qf5 Na7 30. Nc3 Kc7 31. Rf3 Raf8 32. Rh1 Qg5 33. Qxg5 hxg5 34. Rf5 f6 35. f4 Nc8 36. fxg5 fxg5 37. Rxg5 Rfg8 38. Rxg8 Rxg8 39. h6 Ne7 40. h7 Rh8 41. Nb5+ Kd7 42. Rh6 1-0